[Event "SLO-chT 33rd"]
[Site "Slovenia"]
[Date "2023.09.24"]
[Round "3.3"]
[White "Amon, Nejc"]
[Black "Markoja, Boris"]
[Result "0-1"]
[WhiteElo "2311"]
[BlackElo "2454"]
[PlyCount "78"]
[EventDate "2023.09.22"]
[EventType "team-tourn"]
[EventRounds "9"]
[EventCountry "SLO"]
[SourceTitle "CBM 216 Extra"]
[Source "ChessBase"]
[SourceDate "2023.11.30"]
[SourceVersion "1"]
[SourceVersionDate "2023.11.30"]
[SourceQuality "1"]
[WhiteTeam "Zalec"]
[BlackTeam "Maribor Poligram"]
[WhiteTeamCountry "SVK"]
[BlackTeamCountry "SLO"]

1. e4 e6 2. d4 d5 3. Nd2 Nc6 4. c3 e5 5. dxe5 dxe4 6. Bb5 Qd5 7. Qe2 Bf5 8. Qc4 Qxc4 9. Nxc4 Nge7 10. Ne2 a6 11. Bxc6+ Nxc6 12. Bf4 0-0-0 13. 0-0 Be7 14. Ng3 Be6 15. Na3 g5 16. Be3 Rd5 17. Nc4 Rb5 18. b3 Rd8 19. Nd2 Rxe5 20. Ndxe4 Ra5 21. c4 h6 22. Bd2 Bb4 23. Bxb4 Nxb4 24. Nc3 Rd3 25. Nge2 Rd2 26. a4 Re5 27. Ng3 c5 28. Rae1 Rxe1 29. Rxe1 Rd3 30. Re3 Kc7 31. Rxd3 Nxd3 32. Nge4 Kb6 33. Na2 Bf5 34. Nec3 Ka5 35. Nd5 Nf4 36. Ne3 Bb1 37. Nc3 Bd3 38. Na2 Ne2+ 39. Kh1 Bb1 0-1

[Event "SLO-chT 33rd"]
[Site "Slovenia"]
[Date "2023.09.23"]
[Round "2.3"]
[White "Javornik, Nik"]
[Black "Amon, Nejc"]
[Result "0-1"]
[WhiteElo "2078"]
[BlackElo "2311"]
[PlyCount "146"]
[EventDate "2023.09.22"]
[EventType "team-tourn"]
[EventRounds "9"]
[EventCountry "SLO"]
[SourceTitle "CBM 216 Extra"]
[Source "ChessBase"]
[SourceDate "2023.11.30"]
[SourceVersion "1"]
[SourceVersionDate "2023.11.30"]
[SourceQuality "1"]
[WhiteTeam "Celje"]
[BlackTeam "Zalec"]
[WhiteTeamCountry "SVK"]
[BlackTeamCountry "SVK"]

1. e4 c5 2. Nc3 Nc6 3. Bb5 Nd4 4. Nf3 a6 5. Bc4 e6 6. Nxd4 cxd4 7. Ne2 Bc5 8. d3 Ne7 9. Bb3 0-0 10. 0-0 f5 11. c3 dxc3 12. d4 cxb2 13. Bxb2 Ba7 14. d5 fxe4 15. dxe6 d5 16. Nc3 Bxe6 17. Nxe4 Qb6 18. Nd2 Rxf2 19. Kh1 Raf8 20. Rxf2 Rxf2 21. Ba3 Nf5 22. Rc1 Qd4 23. Qh5 g6 24. Qg5 Qh4 25. Nf3 Qxg5 26. Nxg5 Be3 27. Re1 Bxg5 28. Kg1 Be3 29. Rxe3 Rxg2+ 30. Kxg2 Nxe3+ 31. Kf3 Nc4 32. Bc1 Ne5+ 33. Ke2 Kf7 34. Bf4 Kf6 35. h4 Nf7 36. Kd3 g5 37. hxg5+ Nxg5 38. Kd4 Nf3+ 39. Ke3 Ne5 40. Kd4 Nc6+ 41. Kc5 d4 42. Bc2 Bf5 43. Ba4 Be4 44. Bxc6 Bxc6 45. Kxd4 h5 46. Ke3 Kf5 47. Bc7 b5 48. Kd4 Bf3 49. Kc5 Bd1 50. Kb6 h4 51. Kxa6 Ba4 52. Kb6 h3 53. Kc5 Ke4 54. Bd6 Kf3 55. Kd4 Kg2 56. Ke3 h2 57. Bxh2 Kxh2 58. Kf2 Kh3 59. Kf3 Bd1+ 60. Ke3 Kg3 61. Kd2 Ba4 62. Ke3 Kg4 63. Ke4 Bc2+ 64. Kd4 Kf4 65. Kc5 Ba4 66. Kd4 Kf3 67. Kd3 Kf2 68. Kd2 Kf1 69. Kc3 Ke2 70. Kb2 Kd2 71. Kb1 Kc3 72. Kc1 Bc2 73. a4 Bxa4 0-1

[Event "SLO-chT 32nd"]
[Site "Ljubljana"]
[Date "2022.09.10"]
[Round "5.2"]
[White "Amon, Nejc"]
[Black "Ribli, Zoltan"]
[Result "1/2-1/2"]
[WhiteElo "2325"]
[BlackElo "2526"]
[PlyCount "115"]
[EventDate "2022.09.02"]
[EventType "team-tourn"]
[EventRounds "9"]
[EventCountry "SLO"]
[SourceTitle "EXT 2023"]
[Source "ChessBase"]
[SourceDate "2022.10.05"]
[SourceVersion "1"]
[SourceVersionDate "2022.10.05"]
[SourceQuality "1"]
[WhiteTeam "Zalec"]
[BlackTeam "Murska Sobota Pomgrad"]
[WhiteTeamCountry "SVK"]
[BlackTeamCountry "SLO"]

1. e4 c5 2. Nf3 e6 3. d4 cxd4 4. Nxd4 Nc6 5. Nc3 a6 6. Be3 Nf6 7. f3 d5 8. exd5 Nxd5 9. Nxd5 Qxd5 10. Nxc6 bxc6 11. Bd3 e5 12. 0-0 Be7 13. Qe2 0-0 14. Kh1 Be6 15. Bxa6 e4 16. fxe4 Qxe4 17. Bd3 Qe5 18. b3 c5 19. Rfe1 Rfd8 20. a4 Bh4 21. Bf2 Qxe2 22. Rxe2 Bxf2 23. Rxf2 Bxb3 24. Bxh7+ Kxh7 25. cxb3 Rdb8 26. Rxf7 c4 27. bxc4 Rxa4 28. Rd1 Rd8 29. Re1 Re8 30. Ref1 Rxc4 31. h3 Rce4 32. Kh2 R8e7 33. R1f4 Rxf4 34. Rxe7 Ra4 35. Rb7 Ra3 36. h4 Kh6 37. g3 Rc3 38. Kh3 Ra3 39. Rb6+ Kh7 40. h5 Rc3 41. Kh4 Rc1 42. Ra6 Rb1 43. g4 Rb4 44. Ra8 Rc4 45. Rf8 Ra4 46. Kg5 Ra5+ 47. Kh4 Ra4 48. Re8 Rb4 49. Re3 Ra4 50. Kg3 Ra5 51. Re4 Ra1 52. g5 Rg1+ 53. Kf4 Rf1+ 54. Kg4 Rg1+ 55. Kf5 Rf1+ 56. Rf4 Rh1 57. h6 gxh6 58. gxh6 1/2-1/2

[Event "SLO-chT NML 31st"]
[Site "Ptuj/Grosuplje"]
[Date "2021.10.24"]
[Round "9.5"]
[White "Amon, Nejc"]
[Black "Saric, Ivan"]
[Result "0-1"]
[WhiteElo "2282"]
[BlackElo "2644"]
[PlyCount "90"]
[EventDate "2021.10.08"]
[EventType "team-tourn"]
[EventRounds "9"]
[EventCountry "SLO"]
[SourceTitle "EXT 2023"]
[Source "ChessBase"]
[SourceDate "2022.10.05"]
[SourceVersion "1"]
[SourceVersionDate "2022.10.05"]
[SourceQuality "1"]
[WhiteTeam "Zalec"]
[BlackTeam "Ljubljana Tajfun"]
[WhiteTeamCountry "SLO"]
[BlackTeamCountry "SLO"]

1. e4 c5 2. Nf3 d6 3. d4 cxd4 4. Nxd4 Nf6 5. Nc3 Nc6 6. f3 e5 7. Nb3 Be7 8. Be3 0-0 9. Qd2 Be6 10. 0-0-0 a5 11. g4 a4 12. Na1 a3 13. b3 Nd4 14. Bxd4 exd4 15. Qxd4 Nd7 16. Kb1 Bf6 17. Qd2 Ra5 18. Nb5 Qb6 19. c4 Rxb5 20. cxb5 Rc8 21. Rc1 Rxc1+ 22. Qxc1 Qf2 23. Bc4 Bxc4 24. bxc4 Nc5 25. Qxa3 Na4 26. Rc1 g5 27. Rc2 Qd4 28. Nb3 Nc3+ 29. Kb2 Qd3 30. e5 Bxe5 31. Qa5 Nxb5+ 32. Kb1 Nc3+ 33. Kb2 Nxa2+ 34. Ka3 Qxc2 35. Qd8+ Kg7 36. Qxg5+ Qg6 37. Qxg6+ fxg6 38. Kxa2 Bxh2 39. c5 h5 40. gxh5 gxh5 41. Na5 dxc5 42. Nxb7 Bg1 43. Nd6 Kg6 44. Ne4 h4 45. Kb3 Kf5 0-1

[Event "SLO-chT 30th"]
[Site "Gostovanja"]
[Date "2020.10.11"]
[Round "5.2"]
[White "Amon, Nejc"]
[Black "Stajner, Samo"]
[Result "1/2-1/2"]
[WhiteElo "2296"]
[BlackElo "2349"]
[PlyCount "81"]
[EventDate "2020.10.02"]
[EventType "team-tourn"]
[EventRounds "5"]
[EventCountry "SLO"]
[SourceTitle "CBM 198 Extra"]
[Source "ChessBase"]
[SourceDate "2020.11.30"]
[SourceVersion "1"]
[SourceVersionDate "2020.11.30"]
[SourceQuality "1"]
[WhiteTeam "Zalec"]
[BlackTeam "Krsko Triglav"]
[WhiteTeamCountry "SLO"]
[BlackTeamCountry "SLO"]

1. e4 c6 2. d4 d5 3. Nc3 dxe4 4. Nxe4 Nd7 5. Bc4 Ngf6 6. Nxf6+ Nxf6 7. c3 Qc7 8. Qb3 e6 9. Nf3 Bd6 10. Bg5 Nd5 11. 0-0 h6 12. Bd2 Bd7 13. Rfe1 0-0 14. Qc2 b5 15. Bb3 a5 16. Qe4 f5 17. Qh4 a4 18. Bc2 Rf6 19. Ne5 Ne7 20. Bf4 Nd5 21. Bd2 Ne7 22. Bf4 Nd5 23. Bd2 c5 24. c4 bxc4 25. Nxd7 Qxd7 26. dxc5 Bxc5 27. Qxc4 Qa7 28. Rxe6 Bxf2+ 29. Kh1 Qd4 30. Qc6 Raf8 31. Bc3 Nxc3 32. bxc3 Qe5 33. Rxf6 Rxf6 34. Qc4+ Kh7 35. g4 g6 36. gxf5 gxf5 37. Rf1 Bc5 38. Rxf5 Rxf5 39. Qf7+ Kh8 40. Qxf5 Qxf5 41. Bxf5 1/2-1/2

[Event "SLO-chT 30th"]
[Site "Gostovanja"]
[Date "2020.10.10"]
[Round "4.2"]
[White "Ristic, Nenad"]
[Black "Amon, Nejc"]
[Result "1/2-1/2"]
[WhiteElo "2332"]
[BlackElo "2296"]
[PlyCount "101"]
[EventDate "2020.10.02"]
[EventType "team-tourn"]
[EventRounds "5"]
[EventCountry "SLO"]
[SourceTitle "CBM 198 Extra"]
[Source "ChessBase"]
[SourceDate "2020.11.30"]
[SourceVersion "1"]
[SourceVersionDate "2020.11.30"]
[SourceQuality "1"]
[WhiteTeam "Ptuj"]
[BlackTeam "Zalec"]
[WhiteTeamCountry "SLO"]
[BlackTeamCountry "SLO"]

1. e4 c5 2. Nf3 d6 3. Bb5+ Bd7 4. Bxd7+ Qxd7 5. 0-0 Nc6 6. c3 Nf6 7. d4 cxd4 8. cxd4 d5 9. e5 Ne4 10. Ne1 h6 11. f3 Ng5 12. Be3 e6 13. Nc3 Be7 14. Rc1 0-0 15. Nd3 Nh7 16. f4 f5 17. exf6 Nxf6 18. Ne5 Nxe5 19. dxe5 Nh7 20. f5 Bg5 21. Bxg5 Nxg5 22. fxe6 Rxf1+ 23. Kxf1 Qxe6 24. Qxd5 Re8 25. Re1 Qxd5 26. Nxd5 Nf7 27. e6 Nd8 28. Nc7 Re7 29. Nb5 a6 30. Nd4 g6 31. Re3 Kg7 32. Rb3 Kf6 33. Kf2 Ke5 34. Nf3+ Kxe6 35. h4 Nc6 36. g4 Rf7 37. Kg3 Kd5 38. Rd3+ Ke4 39. Rc3 Kd5 40. a3 Nd4 41. Nxd4 Kxd4 42. Rb3 b5 43. a4 Rb7 44. axb5 Rxb5 45. Rxb5 axb5 46. Kf4 Kd5 47. h5 gxh5 48. gxh5 Ke6 49. Ke4 Kf6 50. Kf4 Ke6 51. Ke4 1/2-1/2

[Event "SLO-chT1 East"]
[Site "Slovenia"]
[Date "2019.09.20"]
[Round "4.4"]
[White "Tisaj, Domen"]
[Black "Amon, Nejc"]
[Result "0-1"]
[WhiteElo "2296"]
[BlackElo "2258"]
[PlyCount "96"]
[EventDate "2019.09.06"]
[EventType "team-tourn"]
[EventRounds "9"]
[EventCountry "SLO"]
[SourceTitle "EXT 2020"]
[Source "ChessBase"]
[SourceDate "2019.10.17"]
[SourceVersion "1"]
[SourceVersionDate "2019.10.17"]
[SourceQuality "1"]
[WhiteTeam "Zalec"]
[BlackTeam "Sentjur"]
[WhiteTeamCountry "SLO"]
[BlackTeamCountry "SLO"]

1. d4 Nf6 2. Bf4 d5 3. e3 e6 4. c3 Bd6 5. Nf3 0-0 6. Nbd2 Ne4 7. Bd3 Bxf4 8. exf4 f5 9. 0-0 b6 10. Ne5 Ba6 11. f3 Bxd3 12. Nxd3 Nf6 13. Qe2 Qd6 14. Rae1 Re8 15. Qe5 Qxe5 16. fxe5 Nfd7 17. g4 g6 18. gxf5 gxf5 19. Kf2 Kf7 20. Rg1 Nc6 21. Nf4 Ne7 22. Rg3 Ng6 23. Nxg6 hxg6 24. Reg1 Rg8 25. f4 c5 26. Nf3 c4 27. Ng5+ Ke7 28. Nf3 Kf7 29. h4 b5 30. Ng5+ Ke7 31. Nf3 Kf7 32. h5 gxh5 33. Ng5+ Ke7 34. Rh1 Rh8 35. Rgh3 Nf8 36. Rxh5 Rxh5 37. Rxh5 Rb8 38. Ke1 b4 39. Kd2 Rb6 40. Rh6 bxc3+ 41. Kxc3 Ra6 42. a3 Rb6 43. Rf6 a6 44. Rf7+ Ke8 45. Ra7 Ng6 46. Ra8+ Kd7 47. Ra7+ Kc8 48. Ra8+ Kb7 0-1

[Event "World ol U16"]
[Site "Konya"]
[Date "2018.12.01"]
[Round "8.11"]
[White "Ceres, Dragos"]
[Black "Amon, Nejc"]
[Result "1/2-1/2"]
[WhiteElo "2324"]
[BlackElo "2257"]
[PlyCount "85"]
[EventDate "2018.11.25"]
[EventType "team-swiss"]
[EventRounds "9"]
[EventCountry "TUR"]
[SourceTitle "CBM 187 Extra"]
[Source "ChessBase"]
[SourceDate "2018.11.04"]
[SourceVersion "1"]
[SourceVersionDate "2018.11.04"]
[SourceQuality "1"]
[WhiteTeam "Moldova"]
[BlackTeam "Slovenia"]
[WhiteTeamCountry "MDA"]
[BlackTeamCountry "SLO"]

1. e4 c5 2. Nf3 d6 3. d4 Nf6 4. Nc3 cxd4 5. Nxd4 g6 6. Be2 Bg7 7. Be3 Nc6 8. Qd2 0-0 9. 0-0-0 Nxd4 10. Bxd4 Be6 11. Kb1 Qa5 12. Bxf6 exf6 13. Nd5 Qxd2 14. Rxd2 Bxd5 15. Rxd5 Rfd8 16. Rhd1 Bf8 17. Rb5 b6 18. Bc4 Rac8 19. Bd5 Re8 20. a4 Kg7 21. a5 Rc5 22. Rxc5 dxc5 23. axb6 axb6 24. f3 Be7 25. Rd3 Rb8 26. Ra3 b5 27. Ra7 Kf8 28. c3 b4 29. c4 f5 30. exf5 gxf5 31. Ra6 Rd8 32. Rh6 Kg7 33. Rh5 Kg6 34. g4 fxg4 35. fxg4 h6 36. Rf5 f6 37. h4 Bd6 38. Be4 Kg7 39. g5 hxg5 40. hxg5 fxg5 41. Rxg5+ Kf6 42. Rf5+ Ke6 43. Rh5 1/2-1/2

[Event "World ol U16"]
[Site "Konya"]
[Date "2018.11.30"]
[Round "6.15"]
[White "Moran, Hugh"]
[Black "Amon, Nejc"]
[Result "0-1"]
[WhiteElo "1498"]
[BlackElo "2257"]
[PlyCount "47"]
[EventDate "2018.11.25"]
[EventType "team-swiss"]
[EventRounds "9"]
[EventCountry "TUR"]
[SourceTitle "CBM 187 Extra"]
[Source "ChessBase"]
[SourceDate "2018.11.04"]
[SourceVersion "1"]
[SourceVersionDate "2018.11.04"]
[SourceQuality "1"]
[WhiteTeam "Ireland"]
[BlackTeam "Slovenia"]
[WhiteTeamCountry "IRL"]
[BlackTeamCountry "SLO"]

1. e4 c5 2. Nf3 d6 3. d4 Nf6 4. Nc3 cxd4 5. Nxd4 g6 6. Be3 Bg7 7. f3 Nc6 8. Qd2 0-0 9. Bc4 Bd7 10. 0-0-0 Rb8 11. Kb1 Na5 12. Be2 b5 13. h4 Nc4 14. Bxc4 bxc4 15. g4 Qb6 16. Qc1 Qa5 17. h5 Qxc3 18. hxg6 fxg6 19. Bh6 Bxh6 20. Rxh6 Rf7 21. g5 Nh5 22. e5 dxe5 23. Ne2 Qxf3 24. Nc3 0-1

[Event "World ol U16"]
[Site "Konya"]
[Date "2018.11.28"]
[Round "5.11"]
[White "Amon, Nejc"]
[Black "Ibrahimli, Murad Sultanali"]
[Result "1/2-1/2"]
[WhiteElo "2257"]
[BlackElo "2379"]
[PlyCount "63"]
[EventDate "2018.11.25"]
[EventType "team-swiss"]
[EventRounds "9"]
[EventCountry "TUR"]
[SourceTitle "CBM 187 Extra"]
[Source "ChessBase"]
[SourceDate "2018.11.04"]
[SourceVersion "1"]
[SourceVersionDate "2018.11.04"]
[SourceQuality "1"]
[WhiteTeam "Slovenia"]
[BlackTeam "Azerbaijan"]
[WhiteTeamCountry "SLO"]
[BlackTeamCountry "AZE"]

1. e4 e5 2. Nf3 Nc6 3. d4 exd4 4. Nxd4 Nf6 5. Nxc6 bxc6 6. e5 Qe7 7. Qe2 Nd5 8. c4 Nb6 9. Nc3 Qe6 10. Qe4 Ba6 11. c5 Bxf1 12. cxb6 Ba6 13. bxc7 Be7 14. f4 d5 15. exd6 Qxd6 16. Qe5 0-0 17. Be3 Qxe5 18. fxe5 Rfc8 19. Rc1 Bf8 20. Ne4 Rxc7 21. Nc5 Bc8 22. 0-0 Bxc5 23. Rxc5 Be6 24. Rfc1 Bxa2 25. Rxc6 Rxc6 26. Rxc6 a5 27. Rc7 h6 28. Ra7 Rxa7 29. Bxa7 a4 30. Kf2 Kf8 31. Bc5+ Ke8 32. Ke3 1/2-1/2

[Event "World ol U16"]
[Site "Konya"]
[Date "2018.11.27"]
[Round "4.14"]
[White "Botez, Andrea"]
[Black "Amon, Nejc"]
[Result "0-1"]
[WhiteElo "1647"]
[BlackElo "2257"]
[PlyCount "92"]
[EventDate "2018.11.25"]
[EventType "team-swiss"]
[EventRounds "9"]
[EventCountry "TUR"]
[SourceTitle "CBM 187 Extra"]
[Source "ChessBase"]
[SourceDate "2018.11.04"]
[SourceVersion "1"]
[SourceVersionDate "2018.11.04"]
[SourceQuality "1"]
[WhiteTeam "Canada"]
[BlackTeam "Slovenia"]
[WhiteTeamCountry "CAN"]
[BlackTeamCountry "SLO"]

1. d4 Nf6 2. Bf4 d5 3. e3 c5 4. c3 Nc6 5. Nf3 Qb6 6. Qb3 c4 7. Qc2 Bf5 8. Qc1 Nh5 9. Be2 Nxf4 10. exf4 e6 11. 0-0 Bd6 12. g3 0-0 13. Nbd2 Qc7 14. Nh4 Bh3 15. Re1 f6 16. Ndf3 Rae8 17. Qc2 Ne7 18. b3 b5 19. a4 a6 20. axb5 axb5 21. Ra6 Ra8 22. Rea1 Rxa6 23. Rxa6 Nf5 24. Ng2 e5 25. fxe5 fxe5 26. dxe5 Bxe5 27. Nxe5 Bxg2 28. Kxg2 Qxe5 29. bxc4 dxc4 30. Bf3 h6 31. Qd2 Kh8 32. Rb6 Ne7 33. Rd6 Qf5 34. Qe3 Qf7 35. Rd7 Nf5 36. Qd2 Nh4+ 37. gxh4 Qxf3+ 38. Kg1 Qg4+ 39. Kh1 Qxh4 40. Kg1 Ra8 41. Rd4 Qf6 42. Kg2 Qg6+ 43. Kh3 Qf5+ 44. Kg2 Kh7 45. h3 Rf8 46. Qe3 Rf6 0-1

[Event "EU-chT U18"]
[Site "Bad Blankenburg"]
[Date "2018.07.17"]
[Round "6.3"]
[White "Parkhov, Yair"]
[Black "Amon, Nejc"]
[Result "1-0"]
[WhiteElo "2364"]
[BlackElo "2295"]
[PlyCount "103"]
[EventDate "2018.07.12"]
[EventType "team-swiss"]
[EventRounds "7"]
[EventCountry "GER"]
[SourceTitle "CBM 185 Extra"]
[Source "ChessBase"]
[SourceDate "2018.07.29"]
[SourceVersion "1"]
[SourceVersionDate "2018.07.29"]
[SourceQuality "1"]
[WhiteTeam "Israel U18"]
[BlackTeam "Slovenia U18"]
[WhiteTeamCountry "ISR"]
[BlackTeamCountry "SLO"]

1. c4 Nf6 2. Nc3 e6 3. Nf3 d5 4. d4 Bb4 5. Qa4+ Nc6 6. e3 0-0 7. Bd2 Qe7 8. a3 Bxc3 9. Bxc3 Ne4 10. Rc1 Nxc3 11. Rxc3 Nb8 12. Qc2 c6 13. Bd3 h6 14. cxd5 exd5 15. b4 a6 16. 0-0 Qd6 17. Rb1 Bd7 18. a4 Rc8 19. Ne5 Be8 20. h3 Nd7 21. Bh7+ Kh8 22. Bf5 Nxe5 23. dxe5 Qxe5 24. Bxc8 Rxc8 25. Qd2 Bd7 26. Qd4 Qe6 27. Rd1 Re8 28. Rcc1 Qg6 29. Kh2 Re4 30. Qc5 Re5 31. Rd4 Rg5 32. g4 Re5 33. Rf4 Kh7 34. Qc2 Re4 35. Rxe4 dxe4 36. Rd1 Be6 37. f4 f5 38. Rd6 fxg4 39. Qg2 Qf5 40. Qxg4 Qxg4 41. hxg4 Bxg4 42. Kg3 Be2 43. f5 h5 44. Kh4 Kg8 45. Rd7 b6 46. Rc7 c5 47. bxc5 bxc5 48. Rxc5 Kf7 49. Kg5 Bg4 50. Rc7+ Kf8 51. Ra7 Be2 52. a5 1-0

[Event "SLO-ch U16"]
[Site "Portoroz"]
[Date "2018.02.27"]
[Round "6"]
[White "Amon, Nejc"]
[Black "Brilej, Jaka"]
[Result "1/2-1/2"]
[WhiteElo "2300"]
[BlackElo "2083"]
[PlyCount "59"]
[EventDate "2018.02.24"]
[EventType "swiss"]
[EventRounds "9"]
[EventCountry "SLO"]
[SourceTitle "EXT 2019"]
[Source "ChessBase"]
[SourceDate "2018.10.10"]
[SourceVersion "1"]
[SourceVersionDate "2018.10.10"]
[SourceQuality "1"]

1. d4 f5 2. Nc3 Nf6 3. Bg5 d5 4. e3 e6 5. Nf3 Be7 6. Bd3 0-0 7. 0-0 b6 8. Ne2 Ne4 9. Bxe7 Qxe7 10. c4 Bb7 11. Rc1 c6 12. cxd5 exd5 13. Nf4 Nd7 14. Qa4 Rfc8 15. Ba6 Bxa6 16. Qxa6 Qd6 17. Rc2 Rc7 18. Rfc1 Rac8 19. Nd3 h6 20. h3 Ng5 21. Nde1 Ne4 22. Nd3 Ng5 23. Nde1 Ne4 24. Nd3 Ng5 25. Nde1 Ne4 26. Nd3 Ng5 27. Nde1 Ne4 28. Nd3 Ng5 29. Nde1 Ne4 30. Nd3 1/2-1/2

[Event "Hum na Sutli op 11th"]
[Site "Hum na Sutli"]
[Date "2017.08.31"]
[Round "7"]
[White "Amon, Nejc"]
[Black "Veleski, Robert"]
[Result "0-1"]
[WhiteElo "2119"]
[BlackElo "2210"]
[PlyCount "102"]
[EventDate "2017.08.25"]
[EventType "swiss"]
[EventRounds "9"]
[EventCountry "CRO"]
[SourceTitle "EXT 2018"]
[Source "ChessBase"]
[SourceDate "2017.10.13"]
[SourceVersion "1"]
[SourceVersionDate "2017.10.13"]
[SourceQuality "1"]

1. e4 e5 2. Nf3 Nc6 3. d4 exd4 4. Nxd4 Nf6 5. Nxc6 bxc6 6. e5 Qe7 7. Qe2 Nd5 8. c4 Ba6 9. b3 g6 10. f4 d6 11. Qf3 Nb4 12. Kd1 Bb7 13. a3 Na6 14. exd6 0-0-0 15. Kc2 cxd6 16. Bb2 Rg8 17. Nc3 f5 18. Qf2 Kb8 19. g3 Nc5 20. Bg2 Ne4 21. Bxe4 fxe4 22. Rhe1 d5 23. cxd5 cxd5 24. Rad1 Qc5 25. Qxc5 Bxc5 26. Nb5 Ba6 27. Be5+ Kb7 28. Nc3 Bf2 29. Rh1 Bd3+ 30. Kb2 Rd7 31. Rd2 Be3 32. Rg2 Rc8 33. Re1 d4 34. Na2 a5 35. a4 Rd5 36. b4 Rc4 37. Kb3 axb4 38. Nxb4 Rdc5 39. a5 Rb5 40. Bd6 Ka8 41. Ka4 Rd5 42. Be7 Rd7 43. Bf8 Rc8 44. Bh6 Rb7 45. a6 Rb6 46. Ka5 Rcb8 47. Bf8 Rb5+ 48. Ka4 Rxf8 49. Nxd3 Rfb8 50. Ne5 Rb4+ 51. Ka3 R4b6 0-1

[Event "Hum na Sutli op 11th"]
[Site "Hum na Sutli"]
[Date "2017.08.27"]
[Round "3"]
[White "Amon, Nejc"]
[Black "Cupic, Lovro"]
[Result "1-0"]
[WhiteElo "2119"]
[BlackElo "2210"]
[PlyCount "103"]
[EventDate "2017.08.25"]
[EventType "swiss"]
[EventRounds "9"]
[EventCountry "CRO"]
[SourceTitle "EXT 2018"]
[Source "ChessBase"]
[SourceDate "2017.10.13"]
[SourceVersion "1"]
[SourceVersionDate "2017.10.13"]
[SourceQuality "1"]

1. e4 c6 2. Nc3 d5 3. Nf3 Bg4 4. h3 Bxf3 5. Qxf3 Nf6 6. Be2 e6 7. 0-0 d4 8. Nb1 Bd6 9. Bc4 g5 10. c3 Be5 11. cxd4 Bxd4 12. Nc3 Nbd7 13. Qe2 Rg8 14. g3 g4 15. h4 Nh5 16. Kg2 b5 17. Bd3 Ne5 18. Bc2 b4 19. Na4 Qxh4 20. Rh1 Qg5 21. d3 Qg6 22. Be3 Nf3 23. Bxd4 Nxd4 24. Qd2 Qg5 25. Qxb4 Nxc2 26. Qb7 Rd8 27. Qxc6+ Ke7 28. Qxc2 Rc8 29. Qb3 Rc7 30. Qb4+ Kf6 31. Nc3 Rd8 32. e5+ Kg7 33. Rh4 a5 34. Qxg4 Qxg4 35. Rxg4+ Kf8 36. Rh1 Ng7 37. Rxh7 Ne8 38. Rh8+ Ke7 39. Rgg8 Rcc8 40. Nb5 Rxd3 41. Nd6 Rxd6 42. exd6+ Kd7 43. b3 Nxd6 44. Rxc8 Nxc8 45. Rxc8 Kxc8 46. Kf3 f6 47. Ke4 Kc7 48. Kd4 Kb6 49. Kc4 Kc6 50. a3 Kb6 51. b4 axb4 52. Kxb4 1-0

[Event "Portoroz op 11th"]
[Site "Portoroz"]
[Date "2017.07.28"]
[Round "8"]
[White "Gruskovnjak, Tomislav"]
[Black "Amon, Nejc"]
[Result "1/2-1/2"]
[WhiteElo "2320"]
[BlackElo "2116"]
[PlyCount "150"]
[EventDate "2017.07.22"]
[EventType "swiss"]
[EventRounds "9"]
[EventCountry "SLO"]
[SourceTitle "EXT 2020"]
[Source "ChessBase"]
[SourceDate "2019.10.17"]
[SourceVersion "1"]
[SourceVersionDate "2019.10.17"]
[SourceQuality "1"]

1. d4 Nf6 2. Nf3 e6 3. Bf4 b6 4. e3 Bb7 5. Bd3 Be7 6. h3 0-0 7. c3 c5 8. 0-0 d5 9. Nbd2 Nc6 10. Ne5 Bd6 11. Nxc6 Bxc6 12. Be5 Bxe5 13. dxe5 Ne4 14. f4 Nxd2 15. Qxd2 f6 16. Qc2 h6 17. exf6 Qxf6 18. Rae1 e5 19. Qd2 e4 20. Be2 Rad8 21. Rd1 Kh8 22. Rfe1 Rfe8 23. Bf1 g5 24. fxg5 Qxg5 25. Re2 d4 26. cxd4 cxd4 27. Rde1 d3 28. Rf2 Rc8 29. Qc3+ Qg7 30. Qb4 Rf8 31. Rxf8+ Rxf8 32. Rc1 Bb7 33. g4 Qf6 34. Bg2 a5 35. Qd2 Qe5 36. b4 Rc8 37. Rxc8+ Bxc8 38. bxa5 bxa5 39. Kf2 Bb7 40. Qc1 Kg7 41. Ke1 Ba6 42. Kd2 Qh2 43. Qf1 Qe5 44. Qc1 Bb7 45. Ke1 Kh7 46. Kd2 Qd6 47. a3 Qd5 48. Qb2 Bc6 49. Ke1 Kg6 50. Qc3 Qb5 51. Kf2 Qa4 52. Qe5 Qc2+ 53. Kg3 d2 54. Qe6+ Kg7 55. Qe7+ Kg8 56. Qe6+ Kf8 57. Qxh6+ Ke7 58. Qg7+ Kd8 59. Qf8+ Kc7 60. Qe7+ Kb6 61. Qd8+ Kb7 62. Qe7+ Kc8 63. Qf8+ Kc7 64. Qe7+ Kb6 65. Qd8+ Kb7 66. Qe7+ Kb6 67. Qd8+ Kb5 68. Bf1+ Ka4 69. Be2 Qc1 70. Qd4+ Kxa3 71. Kf4 Bb5 72. Qd6+ Ka4 73. Qd4+ Ka3 74. Qd6+ Ka4 75. Qd4+ Ka3 1/2-1/2

[Event "Portoroz op 11th"]
[Site "Portoroz"]
[Date "2017.07.25"]
[Round "5"]
[White "Adrian, Claude"]
[Black "Amon, Nejc"]
[Result "1-0"]
[WhiteElo "2246"]
[BlackElo "2116"]
[PlyCount "103"]
[EventDate "2017.07.22"]
[EventType "swiss"]
[EventRounds "9"]
[EventCountry "SLO"]
[SourceTitle "EXT 2018"]
[Source "ChessBase"]
[SourceDate "2017.10.13"]
[SourceVersion "1"]
[SourceVersionDate "2017.10.13"]
[SourceQuality "1"]

1. c4 c5 2. Nf3 Nc6 3. Nc3 e5 4. e3 Nf6 5. d4 cxd4 6. exd4 e4 7. Ne5 Bd6 8. c5 Bb8 9. Nc4 d5 10. cxd6 0-0 11. Bf4 Na5 12. Ne3 Bxd6 13. Bxd6 Qxd6 14. d5 b6 15. Be2 Rd8 16. 0-0 Nb7 17. Rc1 Bd7 18. Qd4 Qe7 19. Rfd1 Nd6 20. Nc4 Nb5 21. Qe5 Qxe5 22. Nxe5 Nxc3 23. Rxc3 Bf5 24. Nc6 Rd7 25. h3 h5 26. d6 Kf8 27. Ne5 Rdd8 28. Bc4 Be6 29. Bxe6 fxe6 30. Rc7 Nd5 31. Ng6+ Kg8 32. Ne7+ Nxe7 33. Rxe7 Re8 34. Rc7 Red8 35. Kf1 b5 36. Ke2 a5 37. Ke3 Ra6 38. d7 Kf8 39. Kxe4 Ke7 40. Rc5 b4 41. Rg5 a4 42. Rxg7+ Kf6 43. Rg3 Rc6 44. Rgd3 Rc2 45. R1d2 Rc1 46. Rd4 Ra1 47. b3 a3 48. Rxb4 Rb1 49. Ra4 Rb2 50. Ke3 Rxd2 51. Kxd2 Rxd7+ 52. Ke2 1-0